书目信息 |
| 题名: |
明日之中国文化
|
|
| 作者: | 张君劢 著 | |
| 分册: | ||
| 出版信息: | 北京 中国人民大学出版社 2006 |
|
| 页数: | 184页 | |
| 开本: | 23cm | |
| 丛书名: | 朗朗书房 | |
| 单 册: | ||
| 中图分类: | G04 | |
| 科图分类: | ||
| 主题词: | 比较文化--研究--中国--印度--西方国家 , 比较文化 | |
| 电子资源: | ||
| ISBN: | 7-300-07493-6 | |
| 000 | 01053oam2 2200289 450 | |
| 001 | 1139360550 | |
| 005 | 20111208105650.64 | |
| 010 | @a7-300-07493-6@dCNY18.80 | |
| 090 | @aG04@bzjm | |
| 096 | @aG12@bzjm | |
| 100 | @a20060104d2006 em y0chiy50 ea | |
| 101 | 0 | @achi |
| 102 | @aCN@b110000 | |
| 105 | @ay z 000yy | |
| 200 | 1 | @a明日之中国文化@b专著@e中印欧文化十讲@f张君劢著@9ming ri zhi zhong guo wen hua |
| 210 | @a北京@c中国人民大学出版社@d2006 | |
| 215 | @a184页@d23cm | |
| 225 | 2 | @a朗朗书房@i张君劢儒学著作集 |
| 330 | @a本书从中国、西方、印度等不同文化的比较中探求中国文化的出路。全书共十讲,对于欧亚两洲文化的起源、欧洲文化和印度文化的发展和特性都做了介绍,着重论述了西方文化的特点及其为什么成功的原因。 | |
| 462 | 0 | @1001003278125 |
| 517 | 1 | @a中印欧文化十讲@9zhong yin ou wen hua shi jiang |
| 606 | 0 | @a比较文化@x研究@y中国@y印度@y西方国家 |
| 606 | 0 | @a比较文化 |
| 690 | @aG04@v4 | |
| 701 | 0 | @a张君劢@f(1887~1969)@4著@9zhang jun mai |
| 801 | 0 | @aCN@b大连网信软件有限公司图书馆·11@c20111208 |
| 905 | @aZUCC@dG04@eZ124 | |
| 明日之中国文化:中印欧文化十讲/张君劢著.-北京:中国人民大学出版社,2006 |
| 184页;23cm.-(朗朗书房.张君劢儒学著作集) |
| ISBN 7-300-07493-6:CNY18.80 |
| 本书从中国、西方、印度等不同文化的比较中探求中国文化的出路。全书共十讲,对于欧亚两洲文化的起源、欧洲文化和印度文化的发展和特性都做了介绍,着重论述了西方文化的特点及其为什么成功的原因。 |
| ● |
| 相关链接 |
|
|
|
正题名:明日之中国文化
索取号:G04/Z124
 
预约/预借
| 序号 | 登录号 | 条形码 | 馆藏地/架位号 | 状态 | 备注 |
| 1 | 827395 | 208273955 | 社科二线422/422社科库 32排4列2层/ [索取号:G04/Z124] | 在馆 | |
| 2 | 827396 | 208273964 | 社科库409/409社科库 55排6列5层/ [索取号:G04/Z124] | 在馆 | |
| 3 | 827397 | 208273973 | 社科二线422/422社科库 32排4列2层/ [索取号:G04/Z124] | 在馆 |